Quantum phase transitions
Quantum Phase Transitions details the fundamental changes that can occur in the macroscopic nature of matter at zero temperature due to small variations in a given external parameter. The author develops the theory of quantum phase transitions in the simplest possible class of nondisordered, interac...
Guardado en:
| Autor principal: | |
|---|---|
| Formato: | Libro |
| Lenguaje: | Undetermined |
| Publicado: |
Cambridge
Cambridge University Press
1999
|
| Materias: | |
| Etiquetas: |
Agregar Etiqueta
Sin Etiquetas, Sea el primero en etiquetar este registro!
|
| Thư viện lưu trữ: | Trung tâm Học liệu Trường Đại học Cần Thơ |
|---|
| LEADER | 01260nam a2200205Ia 4500 | ||
|---|---|---|---|
| 001 | CTU_167318 | ||
| 008 | 210402s9999 xx 000 0 und d | ||
| 020 | |c 79.12 | ||
| 082 | |a 530.414 | ||
| 082 | |b S121 | ||
| 100 | |a Sachdev, Subir | ||
| 245 | 0 | |a Quantum phase transitions | |
| 245 | 0 | |c Subir Sachdev | |
| 260 | |a Cambridge | ||
| 260 | |b Cambridge University Press | ||
| 260 | |c 1999 | ||
| 520 | |a Quantum Phase Transitions details the fundamental changes that can occur in the macroscopic nature of matter at zero temperature due to small variations in a given external parameter. The author develops the theory of quantum phase transitions in the simplest possible class of nondisordered, interacting systems--the quantum Ising and rotor models. He pays particular attention to their non-zero temperature dynamic and transport properties in the vicinity of the quantum critical point. Throughout, experimental results are interwoven with theoretical models, and well over 500 references are included. | ||
| 650 | |a Phase transformations (Statistical physics),Quantum theory,Sự biến đổi pha (Vật lý thống kê),Thuyết lượng tử | ||
| 904 | |i Đình Thư | ||
| 980 | |a Trung tâm Học liệu Trường Đại học Cần Thơ | ||